[Event "Vienna Bawag"]
[Site "Vienna"]
[Date "1996.??.??"]
[Round "1"]
[White "Rechlis, Gad"]
[Black "Polgar, Sofia"]
[Result "1-0"]
[WhiteElo "2510"]
[BlackElo "2495"]
[Annotator "Ribli,Z"]
[PlyCount "83"]
[EventDate "1996.05.??"]
[EventType "tourn"]
[EventRounds "9"]
[EventCountry "AUT"]
[EventCategory "9"]
[SourceTitle "CBM 054"]
[Source "ChessBase"]
[SourceDate "1996.10.01"]
[SourceVersion "1"]
[SourceVersionDate "1996.10.01"]
[SourceQuality "1"]

1. c4 e5 2. Nc3 Nc6 3. g3 f5 4. Bg2 Nf6 5. d3 Bb4 6. Bd2 O-O 7. Nf3 d6 8. O-O
Kh8 (8... a6 $5 9. a3 (9. Nd5 Bxd2 10. Nxd2 Ne7 $10 {Serper,G-Eingorn,V/USSR/
1991/CBM25/INF52,28/}) 9... Bc5 10. b4 Ba7 $13 {Serper}) (8... Bd7 9. Rc1 $1
Kh8 10. e3 Qe8 11. Nd5 $1 $14 {Alterman,B-Polgar,S/Rishon le Zion/1996/CBM53/})
9. Rc1 $1 $146 (9. a3 Bxc3 10. Bxc3 Qe8 11. e3 Qh5 12. d4 e4 13. d5 $1 $36 {
Xu Jun-Gdanski,J/Moscow olm/1994/CBM45/}) 9... Bxc3 $6 {Dieser freiwillige
Tausch ist nicht so gut. 9...Be6 scheint mir besser.} 10. Bxc3 Qe8 11. b4 Qh5
12. b5 Nd8 13. c5 $6 {Es ist klar, dass Weiss am Damenflügel spielt und
Schwarz am Königsflügel, aber an der Zeit wäre 13.e3.} f4 $13 14. cxd6 cxd6 15.
Bb4 Nf7 16. Qb3 Ne8 {Gegen das Eindringen Rc7.} 17. Qd5 Nf6 18. Qb3 Ne8 19. d4
e4 20. Nd2 Ng5 $5 (20... Qxb5 21. Nxe4 (21. Bxe4 Qxe2) 21... Qxe2 {Und Weiss
hat natürlich Kompensation und das Läuferpaar für den Bauern; dennoch ist die
Stellung unklar.}) 21. Nxe4 Be6 {Schwarz hat selbst einen Bauern geopfert und
spielt auf Angriff.} (21... Nxe4 22. Bxe4 Qxe2) 22. Qd3 Bf5 23. f3 fxg3 24.
hxg3 Bxe4 $2 (24... Nh3+ $1 25. Bxh3 Qxh3 $36) 25. fxe4 Nf6 26. Bxd6 Rfc8 (
26... Nh3+ 27. Bxh3 Qxh3 28. Qf3 {und Qg2} (28. Bxf8 {ist auch gut.} Ng4 {
ist nur scheinbar gefährlich.} 29. Bxg7+ Kxg7 30. Rf2 Qh1+ (30... Nxf2 31. Kxf2
Qh2+ (31... Rf8+ 32. Kg1) 32. Ke1) 31. Kxh1 Nxf2+ 32. Kg2 Nxd3 33. exd3 $18)) (
26... Ng4 27. Rxf8+ Rxf8 28. Bxf8 Qh2+ 29. Kf1 Nh3 30. Ke1 Qxg2 31. Rc8 $18)
27. g4 $1 {Nach diesem starken Zug hat Schwarz keinen Angriff mehr.} Nxg4 28.
Qg3 Rxc1 29. Rxc1 Ne6 30. e3 Qg5 31. Bf4 Qg6 32. e5 Rf8 33. d5 Nxf4 34. Qxf4 $1
Kg8 35. d6 $1 Qe6 (35... Rxf4 36. Bd5+ Rf7 37. Rc8#) 36. Qc4 Qxc4 37. Rxc4 Nxe5
38. Bd5+ Kh8 39. Rc7 {Jetzt besitzt Weiss keinen materiellen Vorteil mehr,
aber die Aktivitat seiner Figuren entscheidet die Partie.} h5 40. Re7 Ng4 41.
d7 Nf6 42. Bxb7 {Und Schwarz ist hilflos gegen Bc6 und Re8. Ribli} 1-0

[Event "Niksic"]
[Site "Niksic"]
[Date "1991.??.??"]
[Round "8"]
[White "Cabrilo, Goran"]
[Black "Spasov, Vasil"]
[Result "1/2-1/2"]
[WhiteElo "2490"]
[BlackElo "2550"]
[Annotator "Ribli,Z"]
[PlyCount "82"]
[EventDate "1991.04.??"]
[EventType "tourn"]
[EventRounds "13"]
[EventCountry "YUG"]
[EventCategory "9"]
[SourceTitle "CBM 024"]
[Source "ChessBase"]
[SourceDate "1991.10.01"]
[SourceVersion "1"]
[SourceVersionDate "1991.10.01"]
[SourceQuality "1"]

1. g3 e5 2. Bg2 Nc6 3. c4 g6 4. Nc3 Bg7 5. e3 Nge7 6. Nge2 O-O 7. O-O Nf5 $2 (
7... d6 8. b3 Bg4 9. Bb2 Qd7 10. Nd5 Rae8 11. d3 Nc8 $6 12. f3 Be6 13. f4 f5
14. Qd2 $14 {Paneque-Sariego Monzanillo 1990 50/22}) 8. Rb1 a5 9. b3 d6 10. Bb2
Nfe7 11. d3 $14 Bd7 12. Qd2 Qc8 13. Nd5 Nxd5 14. cxd5 Ne7 15. Rbc1 Bb5 16. Rc2
Qd7 17. Rfc1 Rfc8 18. Nc3 Ba6 19. Na4 b5 20. Nc3 Rab8 21. Nd1 Bb7 22. e4 c6 23.
Ne3 cxd5 24. exd5 Rxc2 25. Rxc2 b4 26. d4 exd4 27. Bxd4 Bxd4 28. Qxd4 Nf5 29.
Nxf5 Qxf5 30. Be4 Qd7 31. Rc1 Re8 32. Bf3 Qf5 33. Kg2 Ba6 34. g4 Qd7 35. Rc6
Bb7 36. Qb6 Bxc6 37. dxc6 Qc8 38. Qxa5 h5 39. h3 hxg4 40. hxg4 d5 41. Qxd5 Qc7
1/2-1/2

[Event "Interpolis"]
[Site "Tilburg"]
[Date "1992.10.11"]
[Round "2.1"]
[White "Winants, Luc"]
[Black "Nijboer, Friso"]
[Result "1-0"]
[WhiteElo "2505"]
[BlackElo "2485"]
[Annotator "Ribli,Z"]
[PlyCount "117"]
[EventDate "1992.10.08"]
[EventType "k.o."]
[EventRounds "7"]
[EventCountry "NED"]
[SourceTitle "CBM 032"]
[Source "ChessBase"]
[SourceDate "1993.02.01"]
[SourceVersion "1"]
[SourceVersionDate "1993.02.01"]
[SourceQuality "1"]

1. c4 g6 2. Nc3 Bg7 3. g3 Nc6 4. Bg2 d6 5. d3 f5 6. e3 Nf6 7. Nge2 O-O 8. O-O
e5 9. Rb1 a5 (9... Kh8 10. b4 a6 11. a4 g5 12. b5 axb5 13. axb5 Ne7 14. f4 h6
15. Bd2 Ng6 16. Qc2 gxf4 17. exf4 h5 18. Nd5 $14 {Augustin,J-Kolesar,M Brno/
Morava-C 1991 EXP/24}) (9... g5 10. f4 gxf4 11. exf4 $14) 10. b3 $1 g5 (10...
Kh8 11. Bb2 Be6 12. Nd5 Bg8 13. Nxf6 Qxf6 14. Qd2 g5 15. f4 $14 {Csom,I-Sutter,
O SWZ-GP Suhr 1992}) 11. f4 $5 (11. d4 e4 12. f3 exf3 13. Bxf3 Bd7 14. Qd2 Qe7
15. Nd5 Nxd5 16. cxd5 Nd8 17. Nc3 $14 {Ehlvest,J-Browne,W Philadelphia 1991 52/
(28)}) 11... gxf4 12. exf4 Ng4 13. h3 Nh6 14. Be3 Nd4 15. Qd2 Nf7 16. Bf2 Nxe2+
17. Nxe2 c6 18. Rbd1 h5 19. fxe5 dxe5 20. d4 $14 h4 21. dxe5 Qxd2 22. Rxd2 Nxe5
23. Nf4 hxg3 24. Bxg3 a4 25. Re1 axb3 26. axb3 Kh7 27. Nh5 $1 Ng6 28. Nxg7 Kxg7
29. Bd6 Rg8 30. Kh2 Kf7 31. Bb4 $6 (31. Bf3 $5) 31... Be6 32. Bd6 Rad8 33. c5
Nh4 34. Bh1 Rd7 35. b4 Bd5 $2 36. Rxd5 cxd5 37. Bxd5+ Kf6 38. Be5+ Kg5 39. Rg1+
Kh5 40. Rxg8 Rxd5 41. Rh8+ Kg5 42. Bf6+ $1 Kxf6 43. Rxh4 b5 44. Rh6+ Kg5 45.
Rd6 $1 Re5 46. Rd2 Re3 47. Rc2 Kh4 48. c6 Rxh3+ 49. Kg1 Rg3+ 50. Kf2 Rg8 51. c7
Rc8 52. Ke3 Kg3 53. Kd4 f4 54. Kd5 f3 55. Kd6 f2 56. Rc1 Rg8 57. Kd7 Rg7+ 58.
Kc6 Rg8 59. Kb7 1-0

[Event "Madrid"]
[Site "Madrid"]
[Date "1993.??.??"]
[Round "8"]
[White "Rivas Pastor, Manuel"]
[Black "Anand, Viswanathan"]
[Result "0-1"]
[WhiteElo "2515"]
[BlackElo "2710"]
[Annotator "Ribli,Z"]
[PlyCount "40"]
[EventDate "1993.06.??"]
[EventType "tourn"]
[EventRounds "9"]
[EventCountry "ESP"]
[EventCategory "14"]
[SourceTitle "CBM 036"]
[Source "ChessBase"]
[SourceDate "1993.10.01"]
[SourceVersion "1"]
[SourceVersionDate "1993.10.01"]
[SourceQuality "1"]

1. c4 e5 2. Nc3 Nf6 3. e3 Nc6 4. a3 (4. Nge2 $5 {Ivanchuk,V-Kamsky,G/Tilburg/
1992/CBM32/}) 4... g6 5. b4 Bg7 6. Bb2 O-O 7. d3 d5 8. cxd5 Nxd5 9. Nge2 Nb6
10. g3 $2 (10. Nc1 $5) 10... Bf5 $1 11. e4 Bg4 12. Bg2 a5 13. f3 (13. b5 Nd4
14. O-O Qd7 $15) 13... axb4 $1 14. fxg4 (14. axb4 Nxb4 15. fxg4 Nxd3+ 16. Kf1
Nxb2 $19) 14... bxc3 15. Nxc3 Qd7 16. O-O Rad8 17. Nd5 Nxd5 18. exd5 Ne7 19.
Re1 Nxd5 20. Bxe5 Nc3 $1 (20... Nc3 $1 21. Qd2 Bxe5 22. Rxe5 Qd4+ 23. Qe3 Ne2+
$19) 0-1

[Event "Novosibirsk"]
[Site "Novosibirsk"]
[Date "1993.??.??"]
[Round "7"]
[White "Serper, Grigory"]
[Black "Ehlvest, Jaan"]
[Result "1/2-1/2"]
[WhiteElo "2590"]
[BlackElo "2625"]
[Annotator "Ribli,Z"]
[PlyCount "85"]
[EventDate "1993.06.??"]
[EventType "tourn"]
[EventRounds "11"]
[EventCountry "RUS"]
[EventCategory "14"]
[SourceTitle "CBM 036"]
[Source "ChessBase"]
[SourceDate "1993.10.01"]
[SourceVersion "1"]
[SourceVersionDate "1993.10.01"]
[SourceQuality "1"]

1. c4 e5 2. g3 d6 3. Bg2 g6 4. Nc3 Bg7 5. e4 Nc6 6. Nge2 Nh6 7. d3 O-O 8. h4 f5
(8... Nd4 9. Nxd4 exd4 10. Ne2 Ng4 11. Bg5 Qe8 12. Qd2 $14 {Skalkatos-Mac
Grillen/Nice ol/1974/}) 9. Bg5 Qd7 (9... Qe8 $14 {Soffer,R-Manor,I/Tel Aviv/
1991/EXP27/}) 10. Nd5 Nf7 11. Bf6 Nfd8 12. Bxg7 Qxg7 13. Qd2 Ne6 14. h5 $36
Ncd4 (14... g5 $2 15. exf5 Rxf5 16. Be4 Rf8 17. h6 $18) 15. hxg6 hxg6 16. Nxd4
Nxd4 17. Rh6 $1 $16 g5 (17... Rf7 18. Qg5 $1 Nc2+ 19. Kd2 Nxa1 20. Rxg6 $18)
18. Rg6 $1 Qxg6 19. Ne7+ Kg7 20. Nxg6 Kxg6 21. exf5+ Bxf5 22. O-O-O Bg4 23.
Bxb7 Bxd1 24. Bxa8 Bf3 25. Bxf3 Rxf3 26. Qa5 c6 27. Qxa7 (27. Qd8 Rxf2 28.
Qxd6+ Rf6 29. Qe7 (29. Qxe5 $4 Rf1+ 30. Kd2 Nf3+ $19) 29... Rf1+ 30. Kd2 Rf2+
31. Ke1 Re2+ 32. Kf1 Kh5 $14) 27... Rxf2 28. Qb8 Rf1+ 29. Kd2 Rf2+ 30. Ke1 Re2+
31. Kf1 Kh5 $1 32. Qxd6 Nf5 $1 33. Qxc6 Nxg3+ 34. Kg1 Kg4 35. Qe6+ Kf3 36. Qf6+
Kg4 37. Qe6+ Kf3 38. Qf6+ Kg4 39. c5 Re1+ 40. Kg2 Re2+ 41. Kg1 Re1+ 42. Kg2
Re2+ 43. Kg1 1/2-1/2

[Event "Bundesliga 0506"]
[Site "Germany"]
[Date "2005.11.12"]
[Round "3.7"]
[White "Zuse, Klaus Peter"]
[Black "Hertneck, Gerald"]
[Result "0-1"]
[WhiteElo "2333"]
[BlackElo "2539"]
[Annotator "Ribli,Z"]
[PlyCount "72"]
[EventDate "2005.10.21"]
[EventType "team-tourn"]
[EventRounds "15"]
[EventCountry "GER"]
[SourceTitle "CBM 110"]
[Source "ChessBase"]
[SourceDate "2006.01.31"]
[SourceVersion "1"]
[SourceVersionDate "2006.01.31"]
[SourceQuality "1"]
[WhiteTeam "Kirchheim"]
[BlackTeam "Tegernsee"]
[WhiteTeamCountry "GER"]
[BlackTeamCountry "GER"]

1. c4 e5 2. g3 Nf6 3. Bg2 Nc6 4. Nc3 Bb4 5. Nd5 Bc5 6. d3 {Die Alternativen 6.
e3!? und 6.a3!? bieten Weiß mehr Chancen auf Eröffnungsvorteil.} (6. e3 $5 O-O
7. Ne2 (7. a3 Nxd5 8. cxd5 Ne7 9. Ne2 c6 10. Nc3 cxd5 11. Nxd5 Nxd5 12. Bxd5 d6
13. O-O Qe7 {1/2-1/2 Janssen,G-Straat,R/Dieren 2005/(36)}) 7... Nxd5 8. cxd5
Ne7 9. O-O c6 10. Qc2 d6 11. dxc6 bxc6 12. b3 Bf5 13. d3 Qd7 14. Bb2 Bb6 15.
Rfc1 Rac8 16. Qd2 Bh3 17. Bh1 {1-0 Gavrikov,V-Pulkkinen,K/Jyvaskyla 1999/EXT
2001 (47)}) (6. a3 $5) 6... O-O 7. e3 $6 (7. Bg5 $2 Bxf2+) (7. Nf3 h6) 7...
Nxd5 (7... d6 8. Ne2 Re8 9. a3 a5 10. Nec3 Bf5 11. O-O Nxd5 12. cxd5 Ne7 13.
Rb1 Qd7 14. b4 axb4 15. axb4 Bb6 16. Re1 c6 {1-0 Schimmer,K-Barz,M/Lippstadt
1999/EXT 2003 (68)}) 8. cxd5 Ne7 9. Ne2 (9. Qc2 d6 10. Bd2 c6 11. b4 Bb6 12.
dxc6 bxc6 13. Ne2 Ba6 $6 14. a4 d5 15. Nc1 $36 {1/2-1/2 Capece,A-D'Apa,S/Milan
1993/EXT 2000 (33)}) 9... c6 10. Nc3 $2 (10. O-O Nxd5 11. d4 exd4 12. exd4 Bb6
13. Bxd5 cxd5 14. Nf4) (10. dxc6 dxc6 11. O-O Bg4) 10... Nxd5 11. Nxd5 cxd5 12.
Bxd5 {[#]} Bxe3 $1 $17 {[%mdl 64] Nach dieser kleinen Kombination erlangt
Schwarz vorteilhaftes Spiel.} 13. Bxf7+ (13. Bxe3 Qa5+ {[%cal Ra5e1,Ra5d5]})
13... Rxf7 14. Bxe3 b6 {[%csl Yf3,Yg2][%cal Gc8b7,Gb7h1] Schwarz bereitet 15...
Bb7 vor, wonach er die a8-h1-Diagonale kontrolliert.} (14... d5 15. d4 e4 $17 {
[%csl Yf3,Yh3]}) 15. f4 {Dieser Zug sieht nicht sinnvoll aus, aber guter Rat
ist teuer.} (15. O-O Bb7 16. f4 Qf6 $17 {[%cal Gf6c6,Gb7h1,Gf6b2]}) 15... Bb7 (
15... exf4 16. O-O fxg3 (16... fxe3 17. Rxf7 Kxf7 18. Qf3+ Qf6 19. Qxa8 (19.
Qd5+ Ke7 20. Qxa8 Qf2+ 21. Kh1 e2 22. Qe4+ Kf7 23. Qc4+ Ke7 $11) 19... Qf2+ 20.
Kh1 e2 $19) 17. Rxf7 gxh2+ 18. Kxh2 Qh4+ 19. Kg1 Qg3+ $19) 16. Rf1 Qe7 {
[%csl Re1][%cal Ge7b4,Gb4e1,Ge7e1][%mdl 128] Der weiße König steht schrecklich
exponiert in der Mitte; Schwarz verfügt über einen aussichtsreichen Angriff.}
17. Kd2 Qb4+ 18. Kc1 Rc8+ 19. Kb1 Ba6 $19 {[%csl Rd3] Eine weitere Schwächung
in der weißen Stellung ist der d3P.} 20. a3 Qd6 21. Rf2 Qd5 (21... Qxd3+ $19) (
21... Bxd3+ $19) 22. Rd2 e4 (22... exf4 23. Bxf4 d6 $19 {[%csl Rb1][%cal Rf7c7,
Rc8c1]}) 23. d4 Bc4 (23... Bd3+ 24. Rxd3 exd3 25. Qxd3 Re7 $19) 24. a4 Bb3 (
24... Bd3+) 25. Qf1 a5 26. Ra3 (26. Qb5 Qxb5 27. axb5 d5 $19 {[%cal Rf7c7,
Rc8c1]}) 26... d6 {[%cal Rf7c7,Rc8c1] Schwarz bringt seine letzte Figur durch
Rfc7 auf die c-Linie.} 27. Rg2 (27. Qb5) 27... Rfc7 28. g4 Bc2+ 29. Ka1 Rc4 30.
f5 Rxa4 (30... Qc6) 31. Rxa4 Bxa4 32. f6 Bd7 33. fxg7 Be6 34. b3 Qxb3 35. Bh6 {
Die erste Drohung von Weiß in dieser Partie: es droht 36.Qf8+.} Bf7 36. Qf6 e3
(36... Qa4+ 37. Kb1 Ba2+ 38. Ka1 Bc4+ 39. Kb1 Qb3+ $19) (36... e3 $19) 0-1

[Event "Moscow Alekhine op"]
[Site "Moscow"]
[Date "1992.??.??"]
[Round "?"]
[White "Panchenko, Alexander N"]
[Black "Arkhipov, Sergey"]
[Result "0-1"]
[WhiteElo "2465"]
[BlackElo "2485"]
[Annotator "Ribli,Z"]
[PlyCount "147"]
[EventDate "1992.10.??"]
[EventType "swiss"]
[EventRounds "9"]
[EventCountry "RUS"]
[SourceTitle "CBM 033"]
[Source "ChessBase"]
[SourceDate "1993.04.01"]
[SourceVersion "1"]
[SourceVersionDate "1993.04.01"]
[SourceQuality "1"]

1. c4 e5 2. Nc3 d6 3. g3 g6 4. Bg2 Bg7 5. e3 Nc6 6. Rb1 a5 7. a3 (7. d3 $5 f5
8. Nge2 Nf6 9. O-O O-O 10. b3 $14) 7... Nf6 $5 8. b4 axb4 9. axb4 O-O 10. Nge2
Be6 11. Nd5 (11. b5 Ne7 12. Bxb7 Rb8 13. Bg2 Bxc4 14. d3 Be6 $13) 11... Ne7 12.
Nec3 (12. Nxf6+ Bxf6 13. Bxb7 Rb8 14. Bg2 Bxc4 15. d3 Be6 $13) 12... c6 13.
Nxf6+ Bxf6 14. d3 d5 15. cxd5 Nxd5 (15... cxd5 $10) 16. Ne4 (16. Qc2 $10) 16...
Be7 17. Bd2 Ra3 18. Qc2 Nc7 19. Nc3 (19. Bc3 Ra2 $15) 19... Na6 20. Bc1 Nxb4
21. Rxb4 Bxb4 22. Bxa3 Bxa3 $17 23. O-O Be7 24. Rb1 Bc8 25. Na4 Qd6 26. Nb6 Bf5
27. Bf1 Qc7 28. Qc3 Re8 29. e4 Be6 30. Nd5 Qd6 31. Nb6 f6 32. Nc4 Qc7 33. Qa5
Rc8 34. Nb6 Rb8 35. h4 Bf8 36. Be2 Kg7 37. Nc4 Qxa5 38. Nxa5 Bd7 39. Bd1 (39.
Rxb7 Rxb7 40. Nxb7 Bb4 $1 41. Bd1 Kf8 42. Ba4 Ke7 43. Kg2 Be8 44. Kf3 Kd7 45.
Kg4 Kc7 $19) 39... b5 40. Rc1 Ra8 41. Nb3 Ra2 42. Kg2 h5 43. Rb1 Ba3 44. Ra1
Rxa1 $19 45. Nxa1 Kf8 46. f3 Ke7 47. Kf2 Kd6 48. Nb3 c5 49. Na1 Be6 50. Nb3 Bb2
51. Ke2 c4 52. dxc4 bxc4 53. Nd2 Kc5 54. Bc2 Kd4 55. Nf1 Bc1 56. Ba4 Bf7 57.
Nh2 f5 58. exf5 gxf5 59. Bd7 f4 60. g4 c3 61. Bf5 Bb3 62. gxh5 c2 63. h6 Ba3
64. h7 c1=Q 65. h8=Q Qb2+ 66. Kf1 Qxh2 67. Qd8+ Bd5 68. Be4 Qa2 69. Bxd5 Qxd5
70. Qb6+ Qc5 71. Qb7 Qc4+ 72. Kg2 Ke3 73. Kh3 Bc5 74. h5 0-1

[Event "Interzonal-16"]
[Site "Biel"]
[Date "1993.??.??"]
[Round "1"]
[White "Xu, Jun"]
[Black "Kortschnoj, Viktor Lvovich"]
[Result "0-1"]
[WhiteElo "2535"]
[BlackElo "2625"]
[Annotator "Ribli,Z"]
[PlyCount "74"]
[EventDate "1993.07.16"]
[EventType "swiss"]
[EventRounds "13"]
[EventCountry "SUI"]
[SourceTitle "CBM 037"]
[Source "ChessBase"]
[SourceDate "1993.12.01"]
[SourceVersion "1"]
[SourceVersionDate "1993.12.01"]
[SourceQuality "1"]

1. c4 e5 2. d3 g6 3. g3 Bg7 4. Bg2 d6 5. Nc3 Nc6 6. Rb1 a5 7. a3 (7. e3 $5)
7... Nge7 8. b4 axb4 9. axb4 O-O 10. b5 (10. Nf3 $5 Nd4 11. O-O c6 (11... Nxf3+
$5) 12. Ne1 f5 13. f4 $14 {Geller,E-Mazzoni/Monte Carlo/1967/}) 10... Nd4 11.
e3 Ne6 12. Nge2 c6 $5 (12... Nc5 $6 13. d4 exd4 14. exd4 Nd7 15. O-O Nb6 16. c5
$14 {Hertneck,G-Barczay,L/Kecskemet/1990/CBM20/}) (12... Kh8 13. Bb2 Nf5 14.
O-O h5 $10 {Saharov-Kuzmin/USR-ch/1965/}) 13. O-O d5 14. cxd5 cxd5 15. d4 exd4
16. exd4 (16. Nxd4 Nxd4 17. exd4 Bf5 $10) 16... b6 17. Qb3 Bb7 18. Ba3 (18. Rd1
$5) 18... Bxd4 $5 (18... Nxd4 19. Nxd4 Bxd4 20. Rbd1 $5 $44) 19. Nxd4 (19. Rfd1
Nc5 $15) 19... Nxd4 20. Qb2 Re8 21. Rbd1 Nef5 22. Rd3 (22. g4 Qg5 23. gxf5 Nf3+
24. Kh1 Qf4 25. Bxf3 Qxf3+ 26. Kg1 d4 $19) 22... Qf6 23. Kh1 h5 $1 24. h3 Re5
25. Rfd1 Rae8 26. Kh2 (26. Rxd4 Nxd4 27. Rxd4 Re1+ $19) 26... Re1 27. Rxe1 Rxe1
28. Qd2 Qe5 29. f4 Qe6 30. Rxd4 Nxd4 31. Qxd4 Qe3 $1 32. Qxe3 Rxe3 33. Bb4 d4
34. Nd5 Bxd5 35. Bxd5 d3 36. Kg1 d2 37. Bxd2 Rd3 0-1

[Event "Interpolis"]
[Site "Tilburg"]
[Date "1992.10.08"]
[Round "1.1"]
[White "Petursson, Margeir"]
[Black "Krnic, Zdenko"]
[Result "1-0"]
[WhiteElo "2565"]
[BlackElo "2430"]
[Annotator "Ribli,Z"]
[PlyCount "61"]
[EventDate "1992.10.08"]
[EventType "k.o."]
[EventRounds "7"]
[EventCountry "NED"]
[SourceTitle "CBM 032"]
[Source "ChessBase"]
[SourceDate "1993.02.01"]
[SourceVersion "1"]
[SourceVersionDate "1993.02.01"]
[SourceQuality "1"]

1. c4 e5 2. Nc3 Nc6 3. g3 g6 4. Bg2 Bg7 5. e3 h5 6. Nf3 $1 d6 7. d3 $1 (7. d4
exd4 8. Nxd4 Nge7 9. O-O Bg4 10. Nxc6 bxc6 11. Qc2 Qd7 $13 {Petursson,
M-Adgestein,S Nordic zt 1992 CBM/31}) 7... Nh6 8. Rb1 a5 9. a3 Nf5 10. h4 $1
O-O 11. b4 axb4 12. axb4 Bd7 13. Ng5 Qb8 $2 (13... Rb8 $14) 14. O-O Nd8 15. Nd5
$1 f6 16. e4 $1 $16 fxg5 17. exf5 Rxf5 18. Ne7+ Kf7 19. Nxf5 Bxf5 20. Bxg5 Ne6
21. Be3 c6 22. Be4 Bg4 23. f3 Bh3 24. Rf2 Qc8 25. Kh2 Bf6 26. b5 Nd8 27. f4 Bg4
28. Qd2 Kg7 29. fxe5 Bxe5 30. d4 Bf6 31. Bh6+ 1-0

[Event "RUS Cup final 4th"]
[Site "Elista"]
[Date "2000.08.30"]
[Round "11"]
[White "Balashov, Yuri S"]
[Black "Najer, Evgeniy"]
[Result "1-0"]
[WhiteElo "2575"]
[BlackElo "2597"]
[Annotator "Ribli,Z"]
[PlyCount "45"]
[EventDate "2000.08.19"]
[EventType "tourn"]
[EventRounds "11"]
[EventCountry "RUS"]
[EventCategory "12"]
[SourceTitle "CBM 079"]
[Source "ChessBase"]
[SourceDate "2000.11.21"]
[SourceVersion "1"]
[SourceVersionDate "2000.11.21"]
[SourceQuality "1"]

1. c4 e5 2. Nc3 Nc6 3. g3 Bb4 {Das ist zwar noch Theorie, aber dennoch weniger
logisch als nach den Zügen Nf6-Nf3. In dieser Partie gelingt es Weiß leicht,
das Feld d5 zu besetzen.} (3... g6) 4. Nd5 Bc5 (4... a5 5. Bg2 Nge7 6. a3 Bc5
7. Nc3 d6 8. d3 Be6 9. Nf3 {Khenkin,I-Pribyl,J Leningrad II 1989 CBM/15}) 5.
Bg2 Nge7 (5... d6 6. e3 a5 7. Ne2 Nf6 8. d4 Ba7 9. Nxf6+ Qxf6 10. d5 Ne7 11.
Qa4+ Kf8 (11... Bd7 12. Qxa5) 12. Nc3 (12. Qxa5 $2 Bxe3 $1 13. Qxa8 Qxf2+ 14.
Kd1 Qxg2 $17) 12... Bb6 13. Qc2 Bg4 14. Bd2 Bf3 15. Bxf3 Qxf3 16. Qe4 Qxe4 17.
Nxe4 h6 18. g4 $5 {1-0 Johansen,D-Dive,R/Sydney 1990/CBM 20/[Ribli] (83)}) (
5... Nf6 6. e3 {[%cal Gg1e2]}) 6. e3 {Wenn der schwarze B auf c5 steht, sollte
Weiß so spielen, mit der Idee Nge2 und d4.} O-O (6... Nxd5 7. cxd5 Nb4 (7...
Ne7 8. Ne2 c6 9. Nc3 d6 10. O-O O-O 11. d4 Bb6 12. dxc6 bxc6 13. b3 Ba6 14. Re1
exd4 15. exd4 Nf5 16. Bb2 Qf6 17. Bxc6 Qxd4 18. Qf3 Rac8 {0-1 Gunter,D-Lalic,S/
St Heliers 1997/EXT 98 (25)}) 8. d4 exd4 9. exd4 Bd6 10. a3 Na6 11. Ne2 c6 12.
Nc3 cxd5 13. Qe2+ Qe7 14. Qxe7+ Kxe7 15. Nxd5+ Kf8 16. O-O {1-0 Balashov,
Y-Pribyl,J/Schwaebisch Gmuend 1998/CBM 62 ext (41)}) 7. Ne2 {[%csl Gd5][%cal
Ge2c3]} Nxd5 8. cxd5 {Der Pd5 gewinnt Raum und Tempo zugleich. Schwarz hat
Probleme bei der Entwicklung seines Damenflügels.} Ne7 9. O-O Nf5 $6 {Ich bin
mir keineswegs sicher, dass der Springer auf f5 stehen sollte. Besser scheint
es mir, zuerst den Damenflügel zu entwickeln.} (9... d6 $5) (9... c6 $5) 10. b3
{[%cal Gc1b2,Gb2g7]} d6 11. Bb2 $14 {Weiß hat Raumvorteil und bessere
Figurenkoordination. In der Folge muss Schwarz mit f2-f4 rechnen.} Bb6 12. a4
Bd7 $2 {[%mdl 8192] Das sieht nach einem natürlichen Entwicklungszug aus,
verliert aber mindestens einen Bauern.} (12... a5 13. f4 $14) (12... a6 13. a5
Ba7 14. f4 $14) 13. d4 $1 {[%csl Rb6][%cal Ra4a5,Ra5b6] Es droht 14.a5 mit
Läuferfang, gleichzeitig hängt der Pe5.} c5 {Dieser Zug hilft auch nichts mehr
- Schwarz konnte den Verlust des Bauern nicht mehr abwenden.} (13... exd4 14.
e4 Ne7 15. a5 Bc5 16. b4 Bxb4 17. Qxd4 $18 {[%cal Rd4b4,Rb2g7]}) 14. dxe5 dxe5
15. Bxe5 $16 {[%mdl 1024] Weiß hat nicht nur einen Bauern mehr, sondern auch
eine starke Bauernmasse im Zentrum.} Re8 16. Bb2 Nd6 {[%csl Gd6] Der Springer
steht gut auf d6, er blockiert den Pd5 und verhindert den Zug e3-e4. Doch der
weiße Materialvorteil muss sich früher oder später bemerkbar machen.} 17. Nf4 {
[%cal Gf4h5]} Rc8 18. Rc1 Ba5 (18... c4 19. Ba3 Bc5 20. Bxc5 Rxc5 21. bxc4 Qc7
$16 (21... Rxc4 22. Rxc4 Nxc4 23. Qd4 $16) (21... Nxc4 22. Qd4 Qc8 23. Nd3 $18)
) 19. Nh5 f6 20. Nf4 {[%csl Ye6]} c4 $2 {Schwarz verliert die Geduld, aber
seine Stellung war ohnehin schon schlecht.} (20... Kh8 21. Qh5 $16) 21. Ba3 $18
{Nach diesem Zug hängt der Nd6, so dass Schwarz auch noch seinen Pc4 verliert.}
Qb6 (21... Ne4 22. b4 Bc7 23. Rxc4 $18) 22. Bxd6 Qxd6 23. bxc4 1-0

[Event "Vrnjacka Banja"]
[Site "Vrnjacka Banja"]
[Date "1991.??.??"]
[Round "10"]
[White "Cvetkovic, Srdjan"]
[Black "Topalov, Veselin"]
[Result "0-1"]
[WhiteElo "2470"]
[BlackElo "2455"]
[Annotator "Ribli,Z"]
[PlyCount "116"]
[EventDate "1991.04.??"]
[EventType "tourn"]
[EventRounds "15"]
[EventCountry "YUG"]
[EventCategory "9"]
[SourceTitle "CBM 023"]
[Source "ChessBase"]
[SourceDate "1991.08.01"]
[SourceVersion "1"]
[SourceVersionDate "1991.08.01"]
[SourceQuality "1"]

1. c4 e5 2. Nc3 Nc6 3. g3 g6 4. Bg2 Bg7 5. e3 d6 6. Nge2 h5 7. d4 $1 h4 8. d5
Nb8 $5 (8... Nce7 9. e4 f5 10. Ng1 Nf6 11. Bg5 $1 hxg3 12. hxg3 Rxh1 13. Bxh1
Kf7 14. Qe2 $14 {Kortchnoj,V-Short,N Rotterdam 1990 CBM/18 49/37}) 9. e4 Bg4
10. Qa4+ (10. Qd3 Nd7 $1 11. f3 Nc5 12. Qe3 Bh6 13. Qg1 Nd3+ $15) (10. O-O $5
hxg3 11. fxg3 Nd7 12. Be3) 10... Kf8 11. Ng1 Na6 12. f3 Bd7 13. Qd1 Bh6 14.
Bxh6+ Nxh6 15. Qd2 Kg7 16. O-O-O Nc5 17. Bh3 f5 $13 18. exf5 Nxf5 19. Bxf5 gxf5
20. Nge2 hxg3 21. hxg3 Qf6 22. Qe3 a5 23. Kb1 a4 24. Nc1 a3 25. Nd3 Nxd3 26.
Qxd3 axb2 27. Kxb2 Qg6 28. f4 e4 29. Qd4+ Qf6 30. Qxf6+ Kxf6 31. Kb3 Rag8 32.
Ne2 Be8 33. Rde1 Bh5 34. Kb4 c5+ 35. dxc6 bxc6 36. a4 Ke7 37. a5 Kd7 38. Rh4
c5+ 39. Ka4 Rb8 40. Nc1 Bf7 41. Rxh8 Rxh8 42. g4 Bxc4 43. gxf5 d5 44. Nb3 Kc6
45. Rg1 Bxb3+ 46. Kxb3 Kb5 47. f6 d4 48. Rg5 e3 49. Re5 Rf8 50. Re6 c4+ 51. Kb2
Kxa5 52. Re4 d3 53. Rxe3 Kb4 54. Re6 c3+ 55. Kb1 Kc5 56. Re5+ Kd4 57. Re6 Rb8+
58. Ka1 c2 0-1